[Event "PervenstvoRT2015"]
[Site "?"]
[Date "2015.08.20"]
[Round "1.3"]
[White "Ildus, Galimov"]
[Black "Mikhail, Semenov"]
[Result "1/2-1/2"]
[LiveChessVersion "1.4.6"]
[BlackElo "1545"]
[WhiteElo "1923"]

1. d4 {[%clk 1:30:55]} e6 {[%clk 1:30:57]} 2. Nd2 {[%clk 1:26:08]} d5
{[%clk 1:31:01]} 3. e3 {[%clk 1:24:59]} c5 {[%clk 1:29:27]} 4. c3
{[%clk 1:24:07]} Nf6 {[%clk 1:26:58]} 5. Bd3 {[%clk 1:23:44]} Bd6
{[%clk 1:23:45]} 6. Ngf3 {[%clk 1:16:00]} O-O {[%clk 1:21:16]} 7. e4
{[%clk 1:09:36]} dxe4 {[%clk 1:20:05]} 8. Nxe4 {[%clk 1:09:42]} Nxe4
{[%clk 1:20:14]} 9. Bxe4 {[%clk 1:09:46]} h6 {[%clk 1:13:21]} 10. dxc5
{[%clk 0:49:48]} Bxc5 {[%clk 1:13:42]} 11. Qxd8 {[%clk 0:50:12]} Rxd8
{[%clk 1:14:07]} 12. Bf4 {[%clk 0:50:19]} f5 {[%clk 1:12:16]} 13. Bc2
{[%clk 0:50:19]} g5 {[%clk 1:10:47]} 14. Bc7 {[%clk 0:37:49]} Rd7
{[%clk 1:08:27]} 15. Bxb8 {[%clk 0:38:12]} Rxb8 {[%clk 1:08:53]} 16. b4
{[%clk 0:38:05]} Bd6 {[%clk 1:06:21]} 17. Bb3 {[%clk 0:35:01]} Rc7
{[%clk 1:04:21]} 18. Rd1 {[%clk 0:31:46]} Be7 {[%clk 1:03:03]} 19. Rd3
{[%clk 0:25:11]} Kg7 {[%clk 1:00:25]} 20. Kd2 {[%clk 0:23:27]} Bd7
{[%clk 0:58:13]} 21. a3 {[%clk 0:18:09]} Rd8 {[%clk 0:54:59]} 22. Re1
{[%clk 0:17:35]} Kf6 {[%clk 0:54:02]} 23. Ne5 {[%clk 0:15:51]} Bc8
{[%clk 0:52:08]} 24. Kc2 {[%clk 0:13:42]} Rxd3 {[%clk 0:52:14]} 25. Nxd3
{[%clk 0:13:55]} Bd6 {[%clk 0:51:40]} 26. h3 {[%clk 0:12:52]} e5 {[%clk 0:50:34]}
27. Nb2 {[%clk 0:11:10]} Be6 {[%clk 0:48:40]} 28. Rd1 {[%clk 0:10:51]} Bxb3+
{[%clk 0:47:41]} 29. Kxb3 {[%clk 0:11:19]} Ke6 {[%clk 0:47:17]} 30. g4
{[%clk 0:09:31]} fxg4 {[%clk 0:45:56]} 31. hxg4 {[%clk 0:10:00]} Rf7
{[%clk 0:46:10]} 32. Rh1 {[%clk 0:08:04]} Rxf2 {[%clk 0:44:43]} 33. Rxh6+
{[%clk 0:08:31]} Rf6 {[%clk 0:44:32]} 34. Rh7 {[%clk 0:08:56]} Rf7
{[%clk 0:44:51]} 35. Rh6+ {[%clk 0:09:18]} Rf6 {[%clk 0:45:17]} 36. Rh7
{[%clk 0:09:35]} Rf7 {[%clk 0:45:38]} 37. Rh5 {[%clk 0:09:43]} Be7
{[%clk 0:45:13]} 38. Rh6+ {[%clk 0:09:38]} Kd5 {[%clk 0:44:58]} 39. Nc4
{[%clk 0:08:12]} e4 {[%clk 0:42:49]} 40. Ne3+ {[%clk 0:07:52]} Ke5
{[%clk 0:43:04]} 41. Kc4 {[%clk 0:06:53]} Bf8 {[%clk 0:39:05]} 42. Rg6
{[%clk 0:04:09]} Kf4 {[%clk 0:38:49]} 43. Nd5+ {[%clk 0:02:35]} Kxg4
{[%clk 0:38:41]} 44. Re6 {[%clk 0:01:50]} Kf5 {[%clk 0:34:09]} 45. Re8
{[%clk 0:02:17]} Bg7 {[%clk 0:31:52]} 46. a4 {[%clk 0:01:52]} g4 {[%clk 0:30:56]}
47. Ne3+ {[%clk 0:01:28]} Kf4 {[%clk 0:31:08]} 48. Nxg4 {[%clk 0:01:30]} Kxg4
{[%clk 0:31:01]} 49. Rxe4+ {[%clk 0:01:58]} Kf5 {[%clk 0:31:02]} 50. Re3
{[%clk 0:01:53]} Rc7+ {[%clk 0:30:50]} 51. Kb3 {[%clk 0:01:49]} Be5
{[%clk 0:30:05]} 52. c4 {[%clk 0:02:07]} Rg7 {[%clk 0:29:57]} 53. c5
{[%clk 0:00:37]} Rg3 {[%clk 0:30:10]} 54. Rxg3 {[%clk 0:01:02]} Bxg3
{[%clk 0:30:37]} 55. b5 {[%clk 0:01:14]} Ke5 {[%clk 0:30:39]} 56. Kc4
{[%clk 0:01:09]} Be1 {[%clk 0:30:13]} 57. b6 {[%clk 0:00:42]} axb6
{[%clk 0:30:19]} 58. cxb6 {[%clk 0:00:37]} Kd6 {[%clk 0:29:48]} 59. Kb5 Bd2 60.
a5 Bxa5 61. Kxa5 Kc5 62. Ka4 Kxb6 {[%clk 0:28:25]} 63. Kb4 1/2-1/2

[Event "PervenstvoRT2015"]
[Site "?"]
[Date "2015.08.20"]
[Round "1.4"]
[White "Bulat, Nizamov"]
[Black "Ilyas, Valiev"]
[Result "1-0"]
[LiveChessVersion "1.4.6"]
[BlackElo "1718"]
[WhiteElo "2117"]

1. d4 {[%clk 1:30:55]} Nf6 {[%clk 1:30:55]} 2. c4 {[%clk 1:31:20]} g6
{[%clk 1:31:21]} 3. Nc3 {[%clk 1:31:43]} Bg7 {[%clk 1:31:47]} 4. e4
{[%clk 1:32:05]} O-O {[%clk 1:32:07]} 5. Nf3 {[%clk 1:32:28]} d6 {[%clk 1:32:33]}
6. Be2 {[%clk 1:32:51]} e5 {[%clk 1:32:34]} 7. O-O {[%clk 1:33:09]} Nc6
{[%clk 1:32:14]} 8. d5 {[%clk 1:33:31]} Ne7 {[%clk 1:32:39]} 9. b4
{[%clk 1:33:46]} Nh5 {[%clk 1:31:35]} 10. Re1 {[%clk 1:32:19]} f5
{[%clk 1:28:53]} 11. Ng5 {[%clk 1:29:47]} Nf4 {[%clk 1:26:17]} 12. Bxf4
{[%clk 1:17:57]} exf4 {[%clk 1:26:40]} 13. Rc1 {[%clk 1:17:52]} h6
{[%clk 1:24:14]} 14. Ne6 {[%clk 1:18:11]} Bxe6 {[%clk 1:24:09]} 15. dxe6
{[%clk 1:18:34]} Bxc3 {[%clk 1:23:26]} 16. Rxc3 {[%clk 1:18:57]} fxe4
{[%clk 1:21:11]} 17. Bf1 {[%clk 1:18:54]} e3 {[%clk 1:19:29]} 18. fxe3
{[%clk 1:19:16]} f3 {[%clk 1:19:32]} 19. gxf3 {[%clk 1:18:38]} Nc6
{[%clk 1:18:52]} 20. c5 {[%clk 0:56:51]} Qf6 {[%clk 1:15:07]} 21. Rc1
{[%clk 0:56:19]} Ne5 {[%clk 1:12:51]} 22. f4 {[%clk 0:56:08]} Qh4
{[%clk 1:12:02]} 23. fxe5 {[%clk 0:50:40]} Rf2 {[%clk 1:11:52]} 24. Bg2
{[%clk 0:50:53]} Raf8 {[%clk 1:11:55]} 25. Re2 {[%clk 0:49:09]} dxe5
{[%clk 1:11:53]} 26. e7 {[%clk 0:47:59]} Rxg2+ {[%clk 1:12:12]} 27. Rxg2
{[%clk 0:48:21]} Qxe7 {[%clk 1:12:20]} 28. Rxg6+ {[%clk 0:47:46]} Qd8 1-0

[Event "PervenstvoRT2015"]
[Site "?"]
[Date "2015.08.20"]
[Round "1.5"]
[White "Emir, Khafizov"]
[Black "Mikhail, Galiullin"]
[Result "1/2-1/2"]
[LiveChessVersion "1.4.6"]
[BlackElo "2110"]
[WhiteElo "1691"]

1. d4 {[%clk 1:30:45]} Nf6 {[%clk 1:30:59]} 2. Nf3 {[%clk 1:30:56]} g6
{[%clk 1:31:19]} 3. c4 {[%clk 1:31:19]} Bg7 {[%clk 1:31:42]} 4. Nc3
{[%clk 1:31:42]} O-O {[%clk 1:32:04]} 5. e4 {[%clk 1:32:08]} d6 {[%clk 1:32:29]}
6. g3 {[%clk 1:32:09]} c6 {[%clk 1:30:49]} 7. Bg2 {[%clk 1:29:27]} Qa5
{[%clk 1:30:36]} 8. O-O {[%clk 1:27:24]} Bg4 {[%clk 1:30:59]} 9. h3
{[%clk 1:18:21]} Bxf3 {[%clk 1:31:20]} 10. Qxf3 {[%clk 1:18:03]} Nfd7
{[%clk 1:28:22]} 11. Rd1 {[%clk 1:14:18]} c5 {[%clk 1:22:16]} 12. d5
{[%clk 1:10:43]} a6 {[%clk 1:21:58]} 13. Qe2 {[%clk 1:06:11]} Qb4
{[%clk 1:09:23]} 14. a3 {[%clk 1:00:59]} Qb3 {[%clk 1:08:58]} 15. Bd2
{[%clk 1:00:34]} Nb6 {[%clk 1:05:37]} 16. Bf1 {[%clk 1:00:22]} Na4
{[%clk 1:03:59]} 17. Nxa4 {[%clk 0:59:38]} Qxa4 {[%clk 1:04:21]} 18. Rdb1
{[%clk 0:59:18]} Qd7 {[%clk 0:55:13]} 19. Qd3 {[%clk 0:55:58]} f5
{[%clk 0:51:52]} 20. exf5 {[%clk 0:56:10]} Qxf5 {[%clk 0:51:04]} 21. Qxf5
{[%clk 0:52:13]} Rxf5 {[%clk 0:51:26]} 22. Bc3 {[%clk 0:45:27]} Nd7
{[%clk 0:50:16]} 23. Bxg7 {[%clk 0:42:59]} Kxg7 {[%clk 0:50:44]} 24. b4
{[%clk 0:43:10]} Raf8 {[%clk 0:49:32]} 25. Ra2 {[%clk 0:42:47]} Rf3
{[%clk 0:49:17]} 26. h4 {[%clk 0:39:41]} Rc3 {[%clk 0:46:38]} 27. Bh3
{[%clk 0:33:56]} Ne5 {[%clk 0:37:06]} 28. bxc5 {[%clk 0:33:21]} dxc5
{[%clk 0:37:31]} 29. Rxb7 {[%clk 0:33:25]} Nf3+ {[%clk 0:35:42]} 30. Kg2
{[%clk 0:33:00]} Rc1 {[%clk 0:35:43]} 31. Rxe7+ {[%clk 0:29:39]} Kh8
{[%clk 0:36:10]} 32. Bg4 {[%clk 0:29:20]} Ne1+ {[%clk 0:25:43]} 33. Kh2
{[%clk 0:27:38]} h5 {[%clk 0:25:31]} 34. Rae2 {[%clk 0:26:30]} hxg4
{[%clk 0:07:57]} 35. Rxe1 {[%clk 0:26:40]} Rxf2+ {[%clk 0:07:16]} 36. Kg1
{[%clk 0:26:29]} Rfc2 {[%clk 0:02:38]} 37. d6 {[%clk 0:24:34]} Rxe1+
{[%clk 0:02:31]} 38. Rxe1 {[%clk 0:24:57]} Rd2 {[%clk 0:02:59]} 39. Re6
{[%clk 0:24:08]} Kg7 {[%clk 0:03:09]} 40. Re5 {[%clk 0:22:25]} Rxd6
{[%clk 0:03:20]} 41. Rxc5 {[%clk 0:21:50]} Rd3 {[%clk 0:03:23]} 42. Ra5
{[%clk 0:20:52]} Rxg3+ {[%clk 0:03:27]} 43. Kf2 {[%clk 0:21:14]} Rf3+
{[%clk 0:03:20]} 44. Kg2 {[%clk 0:21:18]} Rc3 {[%clk 0:03:12]} 45. Rxa6
{[%clk 0:21:35]} Rxc4 {[%clk 0:03:40]} 46. Kg3 {[%clk 0:21:19]} Kf7
{[%clk 0:03:58]} 1/2-1/2

[Event "PervenstvoRT2015"]
[Site "?"]
[Date "2015.08.20"]
[Round "1.6"]
[White "Anastasia, Kozina"]
[Black "Emin, Aliev"]
[Result "1-0"]
[LiveChessVersion "1.4.6"]
[BlackElo "1669"]
[WhiteElo "2105"]

1. e4 {[%clk 1:30:58]} c5 {[%clk 1:30:55]} 2. Nf3 {[%clk 1:31:17]} d6
{[%clk 1:31:18]} 3. d4 {[%clk 1:31:38]} cxd4 {[%clk 1:31:30]} 4. Nxd4
{[%clk 1:31:58]} Nf6 {[%clk 1:31:55]} 5. Nc3 {[%clk 1:32:16]} g6 {[%clk 1:32:19]}
6. Be3 {[%clk 1:32:35]} Bg7 {[%clk 1:32:44]} 7. Be2 {[%clk 1:32:55]} Nc6
{[%clk 1:33:09]} 8. O-O {[%clk 1:33:12]} O-O {[%clk 1:32:45]} 9. Qd2
{[%clk 1:33:35]} Bd7 {[%clk 1:32:33]} 10. Kh1 {[%clk 1:30:01]} Nxd4
{[%clk 1:30:19]} 11. Bxd4 {[%clk 1:30:06]} Bc6 {[%clk 1:30:31]} 12. f3
{[%clk 1:29:03]} e5 {[%clk 1:29:50]} 13. Be3 {[%clk 1:28:05]} d5 {[%clk 1:30:12]}
14. exd5 {[%clk 1:27:46]} Nxd5 {[%clk 1:30:34]} 15. Nxd5 {[%clk 1:28:10]} Qxd5
{[%clk 1:30:52]} 16. Qxd5 {[%clk 1:27:44]} Bxd5 {[%clk 1:31:14]} 17. Rad1
{[%clk 1:28:07]} Be6 {[%clk 1:31:05]} 18. Rd2 {[%clk 1:25:01]} b6
{[%clk 1:21:23]} 19. Rfd1 {[%clk 1:25:22]} Bf6 {[%clk 1:21:17]} 20. Kg1
{[%clk 1:21:15]} Be7 {[%clk 1:19:22]} 21. a3 {[%clk 1:16:54]} Rac8
{[%clk 1:18:27]} 22. Bd3 {[%clk 1:15:09]} f5 {[%clk 1:18:25]} 23. Re1
{[%clk 1:14:48]} Kf7 {[%clk 1:17:02]} 24. Rde2 {[%clk 1:10:13]} Bf6
{[%clk 1:12:23]} 25. Bd4 {[%clk 1:03:48]} exd4 {[%clk 1:04:51]} 26. Rxe6
{[%clk 1:04:09]} Rfe8 {[%clk 1:05:08]} 27. Bc4 {[%clk 0:57:54]} Rxc4
{[%clk 1:04:47]} 28. Rxe8 {[%clk 0:58:14]} Rxc2 {[%clk 1:05:09]} 29. R8e2
{[%clk 0:58:02]} Rc7 {[%clk 1:05:05]} 30. Rd2 {[%clk 0:57:33]} Rd7
{[%clk 1:05:16]} 31. Kf1 {[%clk 0:57:32]} Bg5 {[%clk 1:05:29]} 32. Rd3
{[%clk 0:57:42]} Bf6 {[%clk 1:04:29]} 33. Ke2 {[%clk 0:50:01]} Ke6
{[%clk 1:04:21]} 34. Rdd1 {[%clk 0:50:14]} Kd5 {[%clk 1:03:48]} 35. Kd3
{[%clk 0:50:33]} Be5 {[%clk 1:02:00]} 36. g3 {[%clk 0:49:48]} Rc7
{[%clk 0:59:33]} 37. Rc1 {[%clk 0:47:35]} Rd7 {[%clk 0:57:23]} 38. Rc8
{[%clk 0:46:42]} a5 {[%clk 0:54:32]} 39. f4 {[%clk 0:45:58]} Bd6 {[%clk 0:54:02]}
40. Rc4 {[%clk 0:46:06]} Bc5 {[%clk 0:51:21]} 41. Re5+ 1-0

[Event "PervenstvoRT2015"]
[Site "?"]
[Date "2015.08.20"]
[Round "1.7"]
[White "Mikhail, Krylov"]
[Black "Adelya, Tukaeva"]
[Result "0-1"]
[LiveChessVersion "1.4.6"]
[BlackElo "2016"]
[WhiteElo "1668"]

1. d4 {[%clk 1:30:58]} d5 {[%clk 1:30:53]} 2. c4 {[%clk 1:31:21]} c6
{[%clk 1:31:18]} 3. Nf3 {[%clk 1:31:48]} Nf6 {[%clk 1:31:38]} 4. g3
{[%clk 1:32:13]} dxc4 {[%clk 1:14:16]} 5. Bg2 {[%clk 1:26:35]} b5
{[%clk 1:11:01]} 6. a4 {[%clk 1:23:02]} Bb7 {[%clk 1:08:35]} 7. Ne5
{[%clk 1:21:23]} Nd5 {[%clk 0:39:51]} 8. Nc3 {[%clk 1:07:40]} a6 {[%clk 0:33:56]}
9. Bxd5 {[%clk 0:54:48]} cxd5 {[%clk 0:33:42]} 10. axb5 {[%clk 0:55:10]} axb5
{[%clk 0:29:50]} 11. Rxa8 {[%clk 0:55:34]} Bxa8 {[%clk 0:30:05]} 12. Nxb5
{[%clk 0:55:51]} Qa5+ {[%clk 0:29:14]} 13. Nc3 {[%clk 0:56:14]} f6
{[%clk 0:28:10]} 14. Nf3 {[%clk 0:56:10]} e6 {[%clk 0:16:54]} 15. Bf4
{[%clk 0:53:49]} Nc6 {[%clk 0:13:29]} 16. O-O {[%clk 0:52:27]} Bb4
{[%clk 0:07:10]} 17. Qc2 {[%clk 0:46:19]} O-O {[%clk 0:04:07]} 18. Rd1
{[%clk 0:38:54]} Bb7 {[%clk 0:00:51]} 19. g4 {[%clk 0:31:42]} Kh8
{[%clk 0:00:32]} 20. Bg3 {[%clk 0:31:46]} Ra8 {[%clk 0:00:35]} 21. h4
{[%clk 0:27:35]} Na7 {[%clk 0:00:37]} 22. Qc1 {[%clk 0:26:07]} Bxc3
{[%clk 0:00:44]} 23. bxc3 {[%clk 0:26:05]} Nb5 {[%clk 0:01:01]} 24. Qb2
{[%clk 0:24:29]} Bc6 {[%clk 0:00:31]} 25. Rc1 {[%clk 0:18:32]} Qa2
{[%clk 0:00:49]} 26. Qb4 {[%clk 0:17:05]} Qa3 {[%clk 0:00:51]} 27. Bf4
{[%clk 0:13:37]} Qxb4 {[%clk 0:01:07]} 28. cxb4 {[%clk 0:14:02]} c3
{[%clk 0:01:02]} 29. Ne1 {[%clk 0:13:21]} Nxd4 {[%clk 0:01:07]} 30. Kf1
{[%clk 0:13:01]} Bb5 {[%clk 0:00:33]} 31. Rxc3 {[%clk 0:10:00]} Bxe2+
{[%clk 0:00:39]} 32. Kg2 {[%clk 0:10:06]} Bxg4 {[%clk 0:00:32]} 33. Be3
{[%clk 0:09:06]} Nf5 {[%clk 0:00:37]} 34. Bc5 {[%clk 0:08:15]} Kg8
{[%clk 0:00:33]} 35. Rb3 {[%clk 0:06:20]} Bd1 {[%clk 0:00:33]} 36. Rb1
{[%clk 0:06:27]} Be2 {[%clk 0:00:37]} 37. b5 {[%clk 0:05:34]} Rb8
{[%clk 0:00:40]} 38. b6 {[%clk 0:05:52]} d4 {[%clk 0:00:35]} 39. Rb2
{[%clk 0:03:38]} Ba6 {[%clk 0:00:44]} 40. Nc2 {[%clk 0:02:16]} e5
{[%clk 0:00:34]} 41. Nb4 {[%clk 0:02:15]} Bb7+ {[%clk 0:00:59]} 42. Kh3
{[%clk 0:02:17]} Kf7 {[%clk 0:01:03]} 43. Kg4 {[%clk 0:01:59]} Ke6
{[%clk 0:01:05]} 44. f3 {[%clk 0:01:46]} h5+ {[%clk 0:01:09]} 45. Kh3
{[%clk 0:01:38]} Bxf3 {[%clk 0:00:47]} 46. Na6 {[%clk 0:01:58]} Rb7
{[%clk 0:00:46]} 47. Nc7+ {[%clk 0:01:17]} Kd7 {[%clk 0:00:58]} 48. Rf2
{[%clk 0:01:30]} Bg4+ {[%clk 0:00:38]} 49. Kh2 {[%clk 0:01:32]} Nxh4
{[%clk 0:00:32]} 50. Na6 {[%clk 0:01:33]} Nf5 51. Rb2 {[%clk 0:00:53]} d3
{[%clk 0:00:38]} 52. Nb4 {[%clk 0:00:58]} e4 {[%clk 0:00:54]} 53. Ra2
{[%clk 0:00:56]} Bf3 {[%clk 0:00:36]} 54. Kg1 {[%clk 0:00:46]} e3
{[%clk 0:00:33]} 55. Nxd3 {[%clk 0:00:58]} Kc6 {[%clk 0:00:32]} 56. Rc2
{[%clk 0:00:47]} Kd7 {[%clk 0:00:36]} 57. Ra2 {[%clk 0:00:58]} g5
{[%clk 0:00:35]} 58. Ne1 {[%clk 0:00:54]} Bd5 {[%clk 0:00:32]} 59. Ra3
{[%clk 0:00:59]} Bc6 60. Rd3+ {[%clk 0:00:54]} Ke6 {[%clk 0:00:46]} 61. Ra3
{[%clk 0:00:51]} Kd5 {[%clk 0:01:00]} 62. Nd3 {[%clk 0:00:40]} Kc4
{[%clk 0:01:08]} 63. Kf1 {[%clk 0:00:38]} Be4 {[%clk 0:01:16]} 64. Ke2
{[%clk 0:00:32]} Bxd3+ {[%clk 0:01:34]} 65. Rxd3 {[%clk 0:00:45]} Kxc5
{[%clk 0:01:45]} 66. Kf3 {[%clk 0:01:09]} Rxb6 {[%clk 0:01:47]} 67. Ke4
{[%clk 0:01:33]} e2 {[%clk 0:01:48]} 68. Kd4+ 0-1

[Event "PervenstvoRT2015"]
[Site "?"]
[Date "2015.08.20"]
[Round "1.8"]
[White "Ainur, Garafutdinov"]
[Black "Bogdan, Bogatov"]
[Result "1-0"]
[LiveChessVersion "1.4.6"]
[BlackElo "1660"]
[WhiteElo "1946"]

1. e4 {[%clk 1:30:57]} c5 {[%clk 1:30:58]} 2. Nc3 {[%clk 1:31:24]} Nc6
{[%clk 1:29:54]} 3. g3 {[%clk 1:31:49]} g6 {[%clk 1:30:13]} 4. Bg2
{[%clk 1:32:17]} Bg7 {[%clk 1:30:36]} 5. d3 {[%clk 1:32:44]} e6 {[%clk 1:30:51]}
6. Be3 {[%clk 1:33:11]} Nd4 {[%clk 1:30:53]} 7. Qd2 {[%clk 1:33:34]} Qa5
{[%clk 1:30:20]} 8. f4 {[%clk 1:23:48]} Ne7 {[%clk 1:30:11]} 9. Nh3
{[%clk 1:23:27]} O-O {[%clk 1:29:37]} 10. O-O {[%clk 1:23:50]} d6
{[%clk 1:26:29]} 11. Nd5 {[%clk 1:11:56]} Nec6 {[%clk 1:14:56]} 12. Ne7+
{[%clk 1:11:09]} Kh8 {[%clk 1:15:13]} 13. Qxa5 {[%clk 1:11:03]} Nxa5
{[%clk 1:15:07]} 14. Nxc8 {[%clk 1:11:26]} Raxc8 {[%clk 1:15:13]} 15. Bd2
{[%clk 1:09:42]} Nxc2 {[%clk 0:59:01]} 16. Bxa5 {[%clk 1:07:14]} Nxa1
{[%clk 0:59:21]} 17. Rxa1 {[%clk 1:07:43]} Bxb2 {[%clk 0:59:46]} 18. Rb1
{[%clk 1:08:03]} Bd4+ {[%clk 1:00:09]} 19. Kf1 {[%clk 1:02:03]} b6
{[%clk 1:00:30]} 20. Be1 {[%clk 0:59:32]} c4 {[%clk 1:00:20]} 21. dxc4
{[%clk 0:59:59]} Rxc4 {[%clk 0:59:59]} 22. Rd1 {[%clk 1:00:03]} Rfc8
{[%clk 0:58:02]} 23. Ng5 {[%clk 0:59:39]} Kg8 {[%clk 0:54:39]} 24. Bh3
{[%clk 0:56:07]} Bf6 {[%clk 0:49:51]} 25. Nxe6 {[%clk 0:53:26]} fxe6
{[%clk 0:47:28]} 26. Bxe6+ {[%clk 0:53:53]} Kg7 {[%clk 0:47:48]} 27. Bxc8
{[%clk 0:54:20]} Rxc8 {[%clk 0:47:45]} 28. Rxd6 {[%clk 0:54:43]} Rc2
{[%clk 0:44:20]} 29. Rd7+ {[%clk 0:54:31]} Kg8 {[%clk 0:42:18]} 30. Rxa7
{[%clk 0:54:55]} Rxh2 {[%clk 0:42:29]} 31. e5 {[%clk 0:54:40]} Bg7
{[%clk 0:40:04]} 32. e6 {[%clk 0:52:10]} Bf6 {[%clk 0:37:31]} 33. Bb4
{[%clk 0:51:52]} Rb2 {[%clk 0:33:39]} 34. Ra8+ {[%clk 0:52:14]} Kg7
{[%clk 0:34:04]} 35. Bf8+ {[%clk 0:52:36]} Kg8 {[%clk 0:34:18]} 36. Bh6+ 1-0

[Event "PervenstvoRT2015"]
[Site "?"]
[Date "2015.08.20"]
[Round "1.10"]
[White "Ildar, Faizrakhmanov"]
[Black "Ilnar, Valiev"]
[Result "0-1"]
[LiveChessVersion "1.4.6"]
[BlackElo "1620"]
[WhiteElo "1927"]

1. d4 {[%clk 1:30:57]} Nf6 {[%clk 1:30:52]} 2. c4 {[%clk 1:31:22]} g6
{[%clk 1:31:17]} 3. Nc3 {[%clk 1:31:47]} Bg7 {[%clk 1:31:39]} 4. e4
{[%clk 1:32:11]} O-O {[%clk 1:32:03]} 5. Nf3 {[%clk 1:32:30]} d6 {[%clk 1:32:20]}
6. h3 {[%clk 1:32:48]} Nbd7 {[%clk 1:29:42]} 7. Be2 {[%clk 1:31:19]} e5
{[%clk 1:28:27]} 8. d5 {[%clk 1:28:19]} Nc5 {[%clk 1:26:07]} 9. Bg5
{[%clk 1:24:42]} a5 {[%clk 1:23:20]} 10. Qc2 {[%clk 1:17:45]} h6 {[%clk 1:22:51]}
11. Be3 {[%clk 1:12:21]} Na6 {[%clk 1:13:17]} 12. Qd2 {[%clk 1:06:49]} Nxe4
{[%clk 1:10:23]} 13. Nxe4 {[%clk 1:06:57]} f5 {[%clk 1:10:48]} 14. Nxd6
{[%clk 0:39:20]} cxd6 {[%clk 1:09:10]} 15. Bxh6 {[%clk 0:39:17]} Nc5
{[%clk 1:08:29]} 16. Bxg7 {[%clk 0:36:47]} Kxg7 {[%clk 1:08:50]} 17. g4
{[%clk 0:28:15]} f4 {[%clk 1:04:21]} 18. Qc3 {[%clk 0:20:25]} Qb6
{[%clk 1:02:23]} 19. Nd2 {[%clk 0:11:40]} f3 {[%clk 1:00:29]} 20. Bxf3
{[%clk 0:09:25]} Qxb2 {[%clk 1:00:24]} 21. Qxb2 {[%clk 0:09:03]} Nd3+
{[%clk 1:00:47]} 22. Ke2 {[%clk 0:09:16]} Nxb2 {[%clk 1:01:08]} 23. a4
{[%clk 0:09:32]} Rf4 {[%clk 1:00:49]} 24. Ne4 {[%clk 0:06:45]} Nxc4
{[%clk 1:00:24]} 25. Rhc1 {[%clk 0:06:59]} b6 {[%clk 1:00:27]} 26. Rc3
{[%clk 0:05:44]} Ba6 {[%clk 1:00:34]} 27. Ng5 {[%clk 0:05:27]} Nb2+
{[%clk 0:58:49]} 28. Ke1 {[%clk 0:04:41]} Rxa4 {[%clk 0:57:16]} 29. Rb1
{[%clk 0:04:25]} Nd3+ {[%clk 0:57:11]} 30. Kf1 {[%clk 0:03:16]} Nc5+
{[%clk 0:56:17]} 31. Kg2 {[%clk 0:03:34]} Rb4 {[%clk 0:55:48]} 32. Rbc1
{[%clk 0:03:20]} a4 {[%clk 0:55:08]} 33. Ne6+ {[%clk 0:03:28]} Kg8
{[%clk 0:53:57]} 34. Nc7 {[%clk 0:03:31]} Ra7 {[%clk 0:53:57]} 35. Ne8
{[%clk 0:03:32]} e4 {[%clk 0:53:34]} 36. Bd1 {[%clk 0:03:11]} a3 {[%clk 0:53:21]}
37. Rxa3 {[%clk 0:03:30]} Bf1+ {[%clk 0:53:42]} 38. Kxf1 {[%clk 0:03:45]} Rxa3
{[%clk 0:54:09]} 39. Nxd6 {[%clk 0:04:06]} Rxh3 {[%clk 0:54:29]} 40. Nc8
{[%clk 0:03:44]} Rb2 {[%clk 0:52:43]} 41. d6 {[%clk 0:02:20]} Rh2
{[%clk 0:50:12]} 42. Ne7+ {[%clk 0:01:47]} Kf7 {[%clk 0:50:05]} 43. Nd5
{[%clk 0:02:06]} Rbxf2+ {[%clk 0:49:54]} 44. Kg1 {[%clk 0:02:09]} Ke6
{[%clk 0:48:28]} 45. Ne3 {[%clk 0:02:06]} Kxd6 {[%clk 0:48:14]} 46. Rb1
{[%clk 0:02:07]} Ke5 {[%clk 0:47:08]} 47. Rxb6 {[%clk 0:01:35]} Kf4
{[%clk 0:46:32]} 48. Nf1 {[%clk 0:01:14]} Rfg2# {[%clk 0:46:53]} 0-1

[Event "PervenstvoRT2015"]
[Site "?"]
[Date "2015.08.21"]
[Round "2.1"]
[White "Ilya, Panfilov"]
[Black "Ildus, Galimov"]
[Result "0-1"]
[LiveChessVersion "1.4.6"]
[BlackElo "1923"]
[WhiteElo "1952"]

1. e4 {[%clk 1:30:50]} d6 {[%clk 1:30:44]} 2. d4 {[%clk 1:29:50]} Nf6
{[%clk 1:31:09]} 3. Nc3 {[%clk 1:28:54]} c6 {[%clk 1:31:24]} 4. f4
{[%clk 1:26:33]} Qa5 {[%clk 1:31:00]} 5. Bd3 {[%clk 1:23:03]} e5 {[%clk 1:29:28]}
6. Nf3 {[%clk 1:15:51]} Nbd7 {[%clk 1:24:47]} 7. O-O {[%clk 1:07:32]} Be7
{[%clk 1:24:11]} 8. Kh1 {[%clk 1:02:42]} O-O {[%clk 1:23:35]} 9. Bd2
{[%clk 1:01:23]} Qc7 {[%clk 1:14:25]} 10. Ne2 {[%clk 0:58:28]} Qb6
{[%clk 0:59:52]} 11. Bc3 {[%clk 0:49:57]} c5 {[%clk 0:33:23]} 12. dxc5
{[%clk 0:35:30]} Qxc5 {[%clk 0:31:38]} 13. b4 {[%clk 0:33:24]} Qc7
{[%clk 0:27:40]} 14. Qd2 {[%clk 0:30:05]} b5 {[%clk 0:22:30]} 15. fxe5
{[%clk 0:27:49]} Nxe5 {[%clk 0:16:43]} 16. Ng3 {[%clk 0:26:53]} a6
{[%clk 0:15:23]} 17. Nxe5 {[%clk 0:26:32]} dxe5 {[%clk 0:15:31]} 18. Nf5
{[%clk 0:25:49]} Bxf5 {[%clk 0:11:34]} 19. Rxf5 {[%clk 0:26:07]} Nd7
{[%clk 0:11:31]} 20. a4 {[%clk 0:24:34]} Rfc8 {[%clk 0:08:22]} 21. Bb2
{[%clk 0:23:21]} bxa4 {[%clk 0:08:38]} 22. Rxa4 {[%clk 0:23:10]} Qc6
{[%clk 0:08:46]} 23. Ra3 {[%clk 0:22:32]} f6 {[%clk 0:08:27]} 24. Rc3
{[%clk 0:18:07]} Bxb4 {[%clk 0:07:54]} 25. Rxc6 {[%clk 0:17:27]} Bxd2
{[%clk 0:08:22]} 26. Rd6 {[%clk 0:16:44]} Nc5 {[%clk 0:08:06]} 27. Rf2
{[%clk 0:09:49]} Nxd3 {[%clk 0:07:40]} 28. Rxd3 {[%clk 0:10:13]} Rab8
{[%clk 0:06:55]} 29. Rdxd2 {[%clk 0:08:06]} Rxb2 {[%clk 0:07:18]} 30. g3
{[%clk 0:08:17]} a5 {[%clk 0:07:24]} 31. Kg2 {[%clk 0:07:06]} a4 {[%clk 0:07:42]}
32. Kf3 {[%clk 0:04:22]} a3 {[%clk 0:07:45]} 33. Rd7 {[%clk 0:04:20]} Ra8
{[%clk 0:06:37]} 34. Rf1 {[%clk 0:04:09]} a2 {[%clk 0:06:57]} 35. Ra1
{[%clk 0:04:10]} Rb1 {[%clk 0:07:19]} 36. Rd1 {[%clk 0:03:13]} Rxd1
{[%clk 0:07:44]} 0-1